000 00414nam a22001697a 4500
003 OSt
005 20240813122205.0
007 1068
008 240813b |||||||| |||| 00| 0 eng d
020 _a939727359
040 _c
082 _28
_a511.1
_bROS
245 _aDiscrete mathematics and its applications
_cRosen,Kenneth H
250 _a8
260 _bMc Graw Hill
_c2021
942 _2ddc
_cBK
_e8
_k511.1
_mROS
_n0
999 _c36069
_d36069